[Event "Baltic Zonal 2018"]
[Site "Tallinn"]
[Date "2018.05.18"]
[Round "7"]
[White "Stremavicius, Titas"]
[Black "Tokranovs, Dmitrijs"]
[Result "1-0"]
[WhiteElo "2451"]
[BlackElo "2337"]
[Annotator "TA"]
[PlyCount "87"]
[EventDate "2018.??.??"]
[EventType "swiss"]
[EventCountry "EST"]
[SourceTitle "playchess.com"]
[Source "ChessBase"]
[SourceQuality "1"]

{[%evp 18,87,75,63,106,80,101,102,117,117,115,115,133,125,143,142,146,125,167,166,162,164,162,153,135,99,107,84,174,169,205,211,195,179,176,172,214,221,349,360,341,240,514,430,1200,272,240,244,515,507,504,511,504,489,459,415,602,432,410,419,684,681,715,726,710,666,1482,1445,1031,1349,1213,1128]} 1. d4 Nf6 2. c4 {[%cal Bc2c4,Bc4b5][%mdl 32]} c5 3. d5 b5 4. cxb5 a6 5. e3 g6 6. Nc3 Bg7 7. a4 O-O 8. e4 axb5 9. Bxb5 d6 10. Nf3 {[%cal Bg1f3,Bf3d2,Bd2c4,Bc4b6][%mdl 32] LiveBook: 63 Games} Bd7 {A57: Benko/Volga Gambit} (10... Ba6 11. Bxa6 Nxa6 12. O-O Nd7 13. Qe2 Qb6 14. Nd2 Nc7 15. Nc4 Qa6 16. Bd2 Rfb8 17. Ra3 Rb7 18. Nb5 Bxb2 19. Nxb2 Rxb5 20. Bc3 {½-½ (32) Radovanovic,N (2441)-Sertic,R (2365) Bosnjaci 2018}) 11. Be2 Na6 12. O-O Qb8 {White is better.} 13. Nd2 $146 ({Predecessor:} 13. Ra3 Bg4 14. h3 Bxf3 15. Bxf3 {1-0 (35) Stanke,J (2305)-Heinrich,M (2070) Germany 2002}) 13... Nb4 14. Nc4 Ra7 15. Ra3 Ne8 16. a5 Nc7 17. Nb6 Be8 18. Bg5 Na8 19. Nc4 f6 20. Bf4 f5 21. Qd2 fxe4 22. Nxe4 Rxf4 (22... Nc7 $16) 23. Qxf4 $18 Nxd5 24. Qg5 Bf7 25. Rf3 Nac7 26. Rd1 {And now Rxf7! would win.} Be6 27. Nb6 Rxa5 (27... Nf6 $142) 28. Nxd5 Nxd5 29. Bc4 Qb7 $2 (29... Qa8 30. Rfd3 (30. Bxd5 $2 Bxd5 31. Qxe7 Bxe4 $19) 30... Ra4 31. Nxc5 Rxc4 32. Nxe6 Nf6) 30. Nxd6 (30. Bxd5 Qxd5 31. Rc1 Qxg5 $17) 30... Qc6 {[#]} (30... Qa8 $142 31. Qe3 (31. Bxd5 Qxd5 32. Qxd5 Bxd5 $16) 31... Nxe3 32. Bxe6+ Kh8 33. Nf7+ Kg8 34. Rd8+ (34. fxe3 Ra1 $11) 34... Qxd8 35. Nxd8+ Kh8 36. Nf7+ Kg8 37. Ng5+ Kh8 38. fxe3 Bf6) 31. Ra3 $2 (31. Qxe7 $3 {[%mdl 512] White wants to mate with Qd8+.} Qd7 (31... Nxe7 32. Bxe6+) 32. Qxd7 Bxd7 33. Bxd5+ Kh8 34. Nf7+ Kg8 35. Ne5+ Kh8 36. Nxd7) 31... Rxa3 32. bxa3 $40 {[%mdl 128] Black is in trouble.} Qa4 $2 (32... Qxd6 33. Bxd5 Kf8) 33. Re1 Bf6 34. Qc1 Qd7 35. Ne4 Bd4 36. Qh6 {White threatens Ng5 and mate.} Nf4 (36... Nc7 $142 37. Qh3 h5) 37. Bxe6+ Nxe6 38. Qh3 c4 {[#]} (38... Qd5 $142 39. Qh4 Qd7) 39. Nf6+ $1 {[%mdl 512] White is clearly winning.} exf6 (39... Bxf6 40. Qxe6+) 40. Qxe6+ ({Stronger than} 40. Rxe6 Be5 $17) 40... Qxe6 41. Rxe6 c3 42. Rc6 Kf7 43. a4 {[%cal Ba3a4,Ba4a5][%mdl 32]} Ke7 44. a5 {Precision: White = 76%, Black = 31%.} 1-0

[Event "Baltic Zonal 2018"]
[Site "Tallinn"]
[Date "2018.05.18"]
[Round "7"]
[White "Sarakauskas, Gediminas"]
[Black "Kantans, Toms"]
[Result "0-1"]
[WhiteElo "2424"]
[BlackElo "2510"]
[Annotator "TA"]
[PlyCount "62"]
[EventDate "2018.??.??"]
[EventType "swiss"]
[EventCountry "EST"]
[SourceTitle "playchess.com"]
[Source "ChessBase"]
[SourceQuality "1"]

{[%evp 22,62,0,-10,-14,-19,9,11,8,11,18,8,10,-37,-22,-22,-22,-22,-22,-36,-31,-46,-29,-90,-75,-82,-85,-89,-50,-88,-88,-88,-88,-88,-88,-156,-156,-220,-220,-216,-214,-212,-213]} 1. e4 c5 2. Nf3 d6 3. Bb5+ Nd7 4. d4 cxd4 5. Qxd4 a6 6. Bxd7+ Bxd7 7. O-O Rc8 {B51: Sicilian: Moscow Variation (3 Bb5+) without 3...Bd7} 8. c4 e5 9. Qd3 Qc7 10. b3 b5 11. Na3 {[%cal Bb1a3,Ba3c2,Bc2e3][%mdl 32]} Qb7 12. Nd2 {LiveBook: 8 Games} Nf6 13. Nc2 bxc4 14. bxc4 Be7 15. Ba3 {[#]} Qc7 $146 ({Predecessor:} 15... Qc6 16. Ne3 {½-½ (16) Petr,M (2516)-Hracek,Z (2617) Havlickuv Brod 2015}) 16. Ne3 O-O 17. f4 {[#] Strongly threatening fxe5.} exf4 18. Rxf4 Be6 19. Raf1 Nd7 20. Nd5 Bxd5 21. Qxd5 {[%cal Rf4f7]} Nb6 $36 {[%mdl 2048] Black has the initiative.} 22. Qa5 (22. Qd4 $11 {remains equal.}) 22... Nxc4 23. Nxc4 Qxc4 24. Qd5 Rc6 25. Rc1 Qxd5 26. exd5 Rxc1+ 27. Bxc1 $17 {KRB-KRB} Rc8 28. Be3 (28. Ba3 $142) 28... Bg5 {Black is clearly better.} 29. Re4 {[#]} (29. Rf3 $17 Bxe3+ 30. Rxe3) 29... f5 $1 $19 {[%cal Rf5e4]} 30. Re6 Bxe3+ 31. Rxe3 Rc5 {Precision: White = 59%, Black = 78%.} 0-1

[Event "Baltic Zonal 2018"]
[Site "Tallinn"]
[Date "2018.05.18"]
[Round "7"]
[White "Beinoras, Mindaugas"]
[Black "Narva, Mai"]
[Result "1/2-1/2"]
[WhiteElo "2350"]
[BlackElo "2322"]
[Annotator "NA"]
[PlyCount "118"]
[EventDate "2018.??.??"]
[EventType "swiss"]
[EventCountry "EST"]
[SourceTitle "playchess.com"]
[Source "ChessBase"]
[SourceQuality "1"]
[TimeControl "5400+30"]

1. c4 {[%emt 0:00:07]} e5 {[%emt 0:00:15]} 2. Nc3 {[%emt 0:00:20]} Nf6 {[%emt 0:00:26]} 3. Nf3 {[%emt 0:00:23]} Nc6 {[%emt 0:00:16]} 4. g3 {[%emt 0:00:21]} Bb4 {[%emt 0:00:21]} 5. Bg2 {[%emt 0:00:42]} O-O {[%emt 0:00:26]} 6. O-O {[%emt 0:00:15]} Re8 {[%emt 0:01:37]} 7. d3 {[%emt 0:10:55]} h6 {[%emt 0:03:07]} 8. e4 {[%emt 0:06:28]} a5 {[%emt 0:11:04] A29: Englische Eröffnung (Vierspringer-Variante)} (8... d6 9. h3 a6 10. Be3 Bd7 11. Rc1 Rb8 12. a3 Bc5 13. d4 exd4 14. Nxd4 Ne5 15. Qe2 b5 16. cxb5 axb5 {1-0 (32) Petrosian,T (2649)-Mareco,S (2557) Albena 2013}) 9. h3 {[%emt 0:02:07]} Bf8 $146 {[%emt 0:04:27]} ({Vorgänger:} 9... Bxc3 10. bxc3 d6 11. Rb1 Nd7 12. Nh4 Nc5 13. Be3 a4 {0-1 (45) Doering,T (2197)-Hernandez Leon,A (2304) Tenerife 2015}) 10. Be3 {[%emt 0:03:32]} d6 {[%emt 0:01:22]} 11. d4 {[%emt 0:00:51]} exd4 {[%emt 0:01:48]} 12. Nxd4 {[%emt 0:04:03]} Ne5 {[%emt 0:01:07]} 13. b3 {[%emt 0:02:43]} c6 {[%emt 0:00:56]} 14. Qc2 {[%emt 0:01:11]} Ned7 {[%emt 0:01:54]} 15. Rad1 {[%emt 0:01:27]} Qc7 {[%emt 0:02:37]} 16. Nf5 {[%emt 0:09:35]} Nb8 {[%emt 0:04:41]} 17. Bf4 {[%emt 0:04:40]} Bxf5 {[%emt 0:01:15]} 18. exf5 {[%emt 0:00:07]} Nbd7 {[%emt 0:02:48]} 19. Rd2 {[%emt 0:01:07]} Nh5 {[%emt 0:07:04]} 20. Bxd6 {[%emt 0:23:19]} Bxd6 {[%emt 0:07:21]} 21. Rfd1 {[%emt 0:00:44]} Bc5 {[%emt 0:05:34]} 22. Rxd7 {[%emt 0:03:33]} Qxg3 {[%emt 0:00:36]} 23. Ne4 {[%emt 0:06:07]} Qe5 {[%emt 0:02:21]} 24. Qc3 {[%emt 0:03:01]} Qxf5 {[%emt 0:07:11]} 25. Qf3 {[%emt 0:01:08]} Qxf3 {[%emt 0:02:03]} 26. Bxf3 {[%emt 0:00:08]} Re5 {[%emt 0:01:03]} 27. Nxc5 {[%emt 0:02:28]} Rxc5 {[%emt 0:00:10]} 28. Rxb7 {[%emt 0:00:10]} Nf4 {[%emt 0:02:28]} 29. Kh2 {[%emt 0:00:29]} Ne6 {[%emt 0:05:47]} 30. h4 $16 {[%emt 0:01:18]} Rf5 {[%emt 0:07:18]} 31. Kg3 {[%emt 0:00:33]} Rf6 {[%emt 0:01:32]} 32. Rd2 {[%emt 0:04:30]} Rg6+ {[%emt 0:05:43]} 33. Kh3 {[%emt 0:00:52]} Rf6 {[%emt 0:00:33]} 34. Bh1 {[%emt 0:01:35]} a4 {[%emt 0:03:06]} 35. b4 {[%emt 0:01:11]} a3 {[%emt 0:02:30]} 36. Rb6 {[%emt 0:01:11]} Nd8 {[%emt 0:01:19]} 37. Be4 {[%emt 0:01:33]} Re6 {[%emt 0:01:43]} 38. Bf3 {[%emt 0:01:25]} Kf8 {[%emt 0:00:46]} 39. Rd7 {[%emt 0:00:53]} Rf6 {[%emt 0:01:08]} 40. Kg2 {[%emt 0:00:16]} Rc8 {[%emt 0:00:43]} 41. Ra7 {[%emt 0:00:51]} Rf4 {[%emt 0:01:12]} 42. c5 {[%emt 0:00:05]} Rxh4 {[%emt 0:00:40]} 43. Rxa3 {[%emt 0:00:05]} g5 {[%emt 0:00:51]} 44. Rd3 {[%emt 0:00:40]} Ne6 {[%emt 0:00:39]} 45. Rd7 {[%emt 0:00:35]} Nf4+ {[%emt 0:00:33]} 46. Kg1 {[%emt 0:02:43]} g4 {[%emt 0:00:31]} 47. Bxc6 {[%emt 0:00:27]} Re8 {[%emt 0:00:18]} 48. Rd1 {[%emt 0:00:18]} Re2 {[%emt 0:00:32]} 49. Rf1 {[%emt 0:00:30]} Rh5 {[%emt 0:00:38]} 50. Rb8+ {[%emt 0:00:24]} Kg7 {[%emt 0:00:09]} 51. Re8 {[%emt 0:00:05]} Rxa2 {[%emt 0:00:41]} 52. Re4 {[%emt 0:00:29]} Ne2+ {[%emt 0:00:25]} 53. Kg2 {[%emt 0:00:08]} f5 {[%emt 0:00:19]} 54. Re7+ {[%emt 0:01:12]} Kf6 {[%emt 0:00:11]} 55. Rf7+ {[%emt 0:00:21]} Kg6 {[%emt 0:00:24]} 56. Be8 {[%emt 0:01:02]} Nf4+ {[%emt 0:01:04]} 57. Kg1 {[%emt 0:00:29]} Ne2+ {[%emt 0:00:47]} 58. Kg2 {[%emt 0:00:05]} Nf4+ {[%emt 0:00:23]} 59. Kg1 {[%emt 0:00:05]} Ne2+ {[%emt 0:00:39]} 1/2-1/2

[Event "Baltic Zonal 2018"]
[Site "Tallinn"]
[Date "2018.05.18"]
[Round "7"]
[White "Chukavin, Kirill"]
[Black "Kalvaitis, Sigitas"]
[Result "1-0"]
[WhiteElo "2310"]
[BlackElo "2194"]
[Annotator "NA"]
[PlyCount "65"]
[EventDate "2018.??.??"]
[EventType "swiss"]
[EventCountry "EST"]
[SourceTitle "playchess.com"]
[Source "ChessBase"]
[SourceQuality "1"]
[TimeControl "5400+30"]

1. e4 {[%emt 0:00:00]} e6 {[%emt 0:00:38]} 2. d4 {[%emt 0:00:00]} d5 {[%emt 0:00:03]} 3. Nc3 {[%emt 0:00:00]} Bb4 {[%emt 0:02:37]} 4. e5 {[%emt 0:00:04]} Ne7 {[%emt 0:00:08]} 5. a3 {[%emt 0:00:19]} Bxc3+ {[%emt 0:00:03]} 6. bxc3 {[%emt 0:00:08]} c5 {[%emt 0:00:02]} 7. Qg4 {[%emt 0:00:18]} Qc7 {[%emt 0:04:40]} 8. Qxg7 {[%emt 0:00:31]} Rg8 {[%emt 0:00:03]} 9. Qxh7 {[%emt 0:00:20]} cxd4 {[%emt 0:00:17]} 10. Ne2 {[%emt 0:00:29]} Nbc6 {[%emt 0:01:11]} 11. f4 {[%emt 0:01:01]} Bd7 {[%emt 0:02:48]} 12. Qd3 {[%emt 0:03:06]} dxc3 {[%emt 0:01:10]} 13. Qxc3 {[%emt 0:09:30]} Nf5 {[%emt 0:07:51]} 14. Rb1 {[%emt 0:11:17]} O-O-O {[%emt 0:05:44]} 15. Rg1 {[%emt 0:03:12]} d4 {[%emt 0:08:50]} 16. Qd3 {[%emt 0:04:46]} Be8 {[%emt 0:01:01]} 17. g4 {[%emt 0:32:25]} Nh4 {[%emt 0:10:17]} 18. Rg3 {[%emt 0:04:59]} f6 {[%emt 0:07:12]} 19. exf6 {[%emt 0:04:43]} Bg6 {[%emt 0:03:26]} 20. Qc4 {[%emt 0:01:57]} Bf7 {[%emt 0:06:39]} 21. g5 {[%emt 0:03:12]} Rge8 {[%emt 0:04:58]} 22. Bh3 {[%emt 0:03:21]} Nf5 {[%emt 0:02:44]} 23. g6 {[%emt 0:02:09]} Bxg6 {[%emt 0:02:57]} 24. Rxg6 {[%emt 0:00:50]} Qh7 {[%emt 0:00:03]} 25. Bxf5 {[%emt 0:06:12]} exf5 {[%emt 0:00:04]} 26. Rg7 {[%emt 0:00:26]} Qh4+ {[%emt 0:00:58]} 27. Kd1 {[%emt 0:00:39]} d3 {[%emt 0:00:25]} 28. cxd3 {[%emt 0:01:25]} Qh3 {[%emt 0:08:01]} 29. Re7 {[%emt 0:02:12]} Qf1+ {[%emt 0:00:42]} 30. Kd2 {[%emt 0:00:35]} Rxd3+ {[%emt 0:00:48]} 31. Qxd3 {[%emt 0:00:23]} Rd8 {[%emt 0:00:03]} 32. Re8 {[%emt 0:01:45]} Rxe8 {[%emt 0:00:10]} 33. f7 {[%emt 0:00:34]} 1-0

[Event "Baltic Zonal 2018"]
[Site "Tallinn"]
[Date "2018.05.18"]
[Round "7"]
[White "Vorobjov, Pavel"]
[Black "Berzina, Ilze"]
[Result "1/2-1/2"]
[WhiteElo "2233"]
[BlackElo "2176"]
[Annotator "NA"]
[PlyCount "118"]
[EventDate "2018.??.??"]
[EventType "swiss"]
[EventCountry "EST"]
[SourceTitle "playchess.com"]
[Source "ChessBase"]
[SourceQuality "1"]
[TimeControl "5400+30"]

1. d4 {[%emt 0:00:00]} d5 {[%emt 0:00:08]} 2. c4 {[%emt 0:00:00]} c6 {[%emt 0:00:10]} 3. Nc3 {[%emt 0:00:04]} dxc4 {[%emt 0:00:22]} 4. a4 {[%emt 0:00:16]} e5 {[%emt 0:00:30]} 5. e3 {[%emt 0:01:20]} exd4 {[%emt 0:01:33]} 6. exd4 {[%emt 0:00:06]} Be6 {[%emt 0:01:25]} 7. Nf3 {[%emt 0:01:40]} Bb4 {[%emt 0:04:33]} 8. Be2 {[%emt 0:01:14]} Nf6 {[%emt 0:02:13]} 9. O-O {[%emt 0:00:26]} O-O {[%emt 0:00:24]} 10. Bg5 {[%emt 0:05:17]} Nbd7 {[%emt 0:02:03]} 11. Qc2 {[%emt 0:02:11]} Be7 {[%emt 0:10:40]} 12. Nd2 {[%emt 0:04:14]} h6 {[%emt 0:12:04]} 13. Be3 {[%emt 0:03:58]} Nb6 {[%emt 0:05:40]} 14. a5 {[%emt 0:02:47]} Nbd5 {[%emt 0:00:10]} 15. Nxc4 {[%emt 0:01:27]} Nxe3 {[%emt 0:02:58]} 16. fxe3 {[%emt 0:03:08]} Qc7 {[%emt 0:03:33]} 17. Ne4 {[%emt 0:10:23]} Nd5 {[%emt 0:04:15]} 18. Nc5 {[%emt 0:03:06]} Bxc5 {[%emt 0:03:34]} 19. dxc5 {[%emt 0:00:11]} Qe7 {[%emt 0:00:11]} 20. a6 {[%emt 0:02:40]} bxa6 {[%emt 0:11:07]} 21. Ra5 {[%emt 0:01:18]} Rab8 {[%emt 0:00:26]} 22. Qe4 {[%emt 0:06:41]} Rb3 {[%emt 0:05:42]} 23. Qe5 {[%emt 0:07:28]} Rd8 {[%emt 0:05:42]} 24. e4 {[%emt 0:07:54]} Ne3 {[%emt 0:00:29]} 25. Nxe3 {[%emt 0:00:49]} Rxe3 {[%emt 0:00:05]} 26. Bxa6 {[%emt 0:05:07]} Qh4 {[%emt 0:04:32]} 27. Qf4 {[%emt 0:05:57]} Qxf4 {[%emt 0:01:51]} 28. Rxf4 {[%emt 0:00:01]} Rd2 {[%emt 0:00:18]} 29. b4 {[%emt 0:03:57]} Rb3 {[%emt 0:02:28]} 30. Bf1 {[%emt 0:05:41]} Rxb4 {[%emt 0:01:54]} 31. Rxa7 {[%emt 0:00:12]} g5 {[%emt 0:01:28]} 32. Rf2 {[%emt 0:00:52]} Rd1 {[%emt 0:00:13]} 33. Rc7 {[%emt 0:03:39]} Rxe4 {[%emt 0:03:13]} 34. Rxc6 {[%emt 0:00:15]} Rc1 {[%emt 0:02:07]} 35. h3 {[%emt 0:01:32]} Ree1 {[%emt 0:00:46]} 36. Rd6 {[%emt 0:02:20]} Rxc5 {[%emt 0:00:19]} 37. Kh2 {[%emt 0:00:33]} h5 {[%emt 0:00:36]} 38. Bd3 {[%emt 0:00:43]} Rcc1 {[%emt 0:01:12]} 39. Kg3 {[%emt 0:00:49]} h4+ {[%emt 0:01:18]} 40. Kf3 {[%emt 0:00:03]} Rc3 {[%emt 0:00:58]} 41. Rc2 {[%emt 0:00:32]} Rxc2 {[%emt 0:00:45]} 42. Bxc2 {[%emt 0:00:03]} Kg7 {[%emt 0:00:28]} 43. Kf2 {[%emt 0:01:54]} Rc1 {[%emt 0:00:08]} 44. Be4 {[%emt 0:00:16]} Kf6 {[%emt 0:00:13]} 45. Bf3 {[%emt 0:01:32]} Ke5 {[%emt 0:00:10]} 46. Rd2 {[%emt 0:00:26]} f5 {[%emt 0:00:45]} 47. Re2+ {[%emt 0:00:19]} Kf6 {[%emt 0:00:04]} 48. Re1 {[%emt 0:01:18]} Rxe1 {[%emt 0:01:14]} 49. Kxe1 {[%emt 0:00:01]} Ke5 {[%emt 0:00:07]} 50. Kf2 {[%emt 0:00:27]} Kf4 {[%emt 0:00:16]} 51. Bc6 {[%emt 0:00:55]} Bc4 {[%emt 0:00:08]} 52. Bb7 {[%emt 0:00:24]} Bd3 {[%emt 0:00:06]} 53. Bc6 {[%emt 0:00:11]} Be4 {[%emt 0:00:07]} 54. Bd7 {[%emt 0:00:22]} g4 {[%emt 0:00:27]} 55. hxg4 {[%emt 0:00:49]} fxg4 {[%emt 0:00:06]} 56. Be6 {[%emt 0:00:49]} Bf5 {[%emt 0:02:02]} 57. Bd5 {[%emt 0:00:11]} g3+ {[%emt 0:00:21]} 58. Kg1 {[%emt 0:00:25]} Be4 {[%emt 0:01:08]} 59. Be6 {[%emt 0:00:09]} Bd3 {[%emt 0:02:14]} 1/2-1/2

[Event "Baltic Zonal 2018"]
[Site "Tallinn"]
[Date "2018.05.18"]
[Round "7"]
[White "Haavamae, Henrik"]
[Black "Vicas, Marijus"]
[Result "0-1"]
[WhiteElo "2098"]
[BlackElo "2190"]
[Annotator "NA"]
[PlyCount "50"]
[EventDate "2018.??.??"]
[EventType "swiss"]
[EventCountry "EST"]
[SourceTitle "playchess.com"]
[Source "ChessBase"]
[SourceQuality "1"]
[TimeControl "5400+30"]

1. e4 c5 2. Nf3 a6 3. c4 e6 4. d4 cxd4 5. Nxd4 Nf6 6. Nc3 Qc7 7. Bd3 Be7 8. O-O O-O 9. Be3 d6 10. f4 Nbd7 11. Qf3 b6 12. Rae1 Bb7 13. g4 g6 14. g5 Nh5 15. Qh3 Nc5 16. Bc2 e5 17. Nf5 Nxf4 18. Bxf4 exf4 19. Qh6 Ne6 20. h4 Rfe8 21. Nxe7+ Rxe7 22. Nd5 Bxd5 23. exd5 Nd4 24. Be4 Rae8 25. Rxf4 Nf5 0-1

[Event "Baltic Zonal 2018"]
[Site "Tallinn"]
[Date "2018.05.19"]
[Round "8"]
[White "Kovalenko, Igor"]
[Black "Miezis, Normunds"]
[Result "1-0"]
[WhiteElo "2626"]
[BlackElo "2456"]
[Annotator "TA"]
[PlyCount "107"]
[EventDate "2018.??.??"]
[EventType "swiss"]
[EventCountry "EST"]
[SourceTitle "playchess.com"]
[Source "ChessBase"]
[SourceQuality "1"]

{[%evp 17,107,1,29,20,28,25,34,26,32,26,30,17,16,0,18,19,44,35,38,9,46,0,0,0,0,0,0,0,0,-28,0,-11,0,0,0,0,0,-12,0,-4,8,-22,0,-7,0,-22,0,-5,0,-4,0,-16,0,-2,0,0,0,0,0,0,0,0,0,0,13,14,10,14,48,43,43,58,72,51,57,61,83,87,78,96,147,143,200,139,217,144,264,284,388,386,633,638]} 1. d4 Nf6 2. Nf3 b6 3. c4 Bb7 4. Nc3 e6 5. e3 Bb4 6. Bd3 O-O 7. O-O d5 8. cxd5 exd5 9. Qc2 a6 {LiveBook: 10 Games. E52: Nimzo-Indian: Rubinstein: 4...0-0 5 Nf3 d5 6 Bd3 b6} 10. e4 $146 ({Predecessor:} 10. a3 Bd6 11. e4 dxe4 12. Nxe4 Nxe4 13. Bxe4 Bxe4 14. Qxe4 Nd7 15. Bg5 Qe8 16. Qf5 Qe6 17. Qxe6 fxe6 {½-½ (53) Kovalenko,I (2636)-Neiksans,A (2586) Riga 2017}) 10... dxe4 11. Nxe4 Nxe4 {White has an edge.} 12. Bxe4 Bxe4 13. Qxe4 Nd7 14. Bf4 Nf6 15. Qc6 Bd6 16. Be5 h6 17. Rac1 a5 18. a4 Rb8 19. Qb5 Re8 20. Rc6 Re6 21. Qc4 Ne8 22. Qc2 Qe7 23. Rc3 Rd8 24. Rc1 Qd7 25. h3 Qe7 26. Re3 Qd7 27. Rce1 Bb4 28. R1e2 Qd5 29. Nh4 ({Don't go for} 29. Bxc7 $2 Rc8 $19) 29... Qc6 30. Qb3 Qd5 {[#] aiming for ...Qxb3.} 31. Qc2 Qc6 32. Qd1 Qd5 33. Qb1 Bd6 34. Re1 Bb4 35. R1e2 Bd6 36. Nf5 {Threatens to win with Bxd6.} Bxe5 37. dxe5 Qd1+ 38. Qxd1 Rxd1+ 39. Kh2 Kf8 40. Re4 f6 41. f4 fxe5 42. fxe5 c5 43. Ne3 Rd8 {Black wants to play ...Nf6!} 44. Nc4 Kg8 45. R2e3 Nc7 46. Rb3 Rb8 47. Nxa5 Ra8 48. Nb7 Rc6 ({Better is} 48... Nd5) 49. Rd3 $16 Ne8 (49... Ne6 $16 50. Rd6 Rc7) 50. Rd7 c4 (50... Rc7 $16 51. Rxc7 Nxc7) 51. Nd6 c3 (51... Rxd6 $16 52. exd6 (52. Rxd6 Nxd6 53. exd6 Rd8 $16) 52... Nf6) 52. bxc3 $18 Rxc3 53. Rg4 Rc7 $2 {[#]} (53... Kh8 54. Re7 Nxd6) 54. Nxe8 $1 {[%mdl 512] Precision: White = 70%, Black = 30%.} 1-0

[Event "Baltic Zonal 2018"]
[Site "Tallinn"]
[Date "2018.05.19"]
[Round "8"]
[White "Ladva, Ottomar"]
[Black "Meskovs, Nikita"]
[Result "0-1"]
[WhiteElo "2517"]
[BlackElo "2510"]
[Annotator "TA"]
[PlyCount "102"]
[EventDate "2018.??.??"]
[EventType "swiss"]
[EventCountry "EST"]
[SourceTitle "playchess.com"]
[Source "ChessBase"]
[SourceQuality "1"]

{[%evp 19,102,31,31,23,33,23,25,16,41,34,33,-27,-28,-136,-144,-150,-139,-143,-125,-141,-100,-141,-140,-138,-91,-178,-160,-189,-202,-182,-77,-162,-155,-152,-56,-177,0,0,0,0,0,-7,-11,-19,-20,-42,-33,-61,-44,-147,-143,-249,-186,-196,-133,-116,-58,-203,-205,-554,-520,-493,-332,-376,-336,-332,-131,-123,-137,-125,-126,-371,-348,-1310,-1256,-1185,-1106,-894,-881,-831,-799,-6107,-9698,-6107,-6107]} 1. Nf3 Nf6 2. c4 g6 3. g3 Bg7 4. Bg2 O-O 5. O-O d6 6. d4 Nc6 7. Nc3 a6 8. h3 Rb8 9. e4 Nd7 10. Be3 e5 {LiveBook: 5 Games} 11. d5 {E63: King's Indian: Fianchetto: Panno Variation with 7...a6} (11. Qd2 exd4 12. Nxd4 Nde5 13. Qe2 Nxd4 14. Bxd4 Nf3+ 15. Qxf3 Bxd4 16. Rfd1 Qf6 17. Qxf6 Bxf6 18. Nd5 Bd8 {½-½ (30) Fernandes,A (2413)-Meskovs,N (2476) Baku 2016}) 11... Ne7 12. b4 f5 13. exf5 $146 {White has an edge.} ({Predecessor:} 13. Ng5 Nf6 14. Rc1 h6 15. Ne6 Bxe6 16. dxe6 Qc8 17. Nd5 Qxe6 18. exf5 gxf5 19. Nxc7 {0-1 (34) Navarro Gonzalez,J (1988)-Mena Trujillo,Y (1774) Las Palmas 2011}) 13... gxf5 14. Ng5 {Strongly threatening Ba7.} Nf6 15. Qd2 (15. Re1 $14) 15... Ng6 $11 16. f4 {[#]} (16. Qd1 $11 {remains equal.}) 16... Nh5 $1 $17 {[%cal Rh5g3]} 17. Ne2 exf4 18. gxf4 Bxa1 19. Rxa1 Qe7 20. Nd4 Re8 21. Nge6 Ng7 22. Re1 (22. b5 $17 {is a better defense.}) 22... Bxe6 $19 ({Resist} 22... Nxe6 23. Nxe6 Bxe6 24. Bf2 $17) 23. Nxe6 Nxe6 24. dxe6 Qh4 (24... c6 $19 {is more deadly.} 25. Bb6 Rbc8) 25. b5 (25. Ba7 $17) 25... axb5 26. cxb5 Ra8 (26... Rxe6 $17 27. Bd5 Qg3+ 28. Kf1 Qxh3+ 29. Qg2 Qxg2+ 30. Kxg2 Rbe8) 27. Rf1 (27. Kh2 $1 $15) 27... Re7 $2 (27... Rxe6 $19 {...c6! is the strong threat.} 28. Qd5 Qf6 29. Qxb7 Ra3) 28. Kh2 $1 $11 Ra3 29. Bxb7 Qf6 $1 $36 {[%mdl 2048] Black has some pressure.} ({Much weaker is} 29... Rxe6 $6 30. Bd5 $16) 30. Bd5 Qc3 $1 {[%cal Rc3d2]} ({Much worse is} 30... Qh4 $6 31. Qc1 $16) 31. Qxc3 Rxc3 32. Re1 Kf8 33. Bb3 Re8 34. Bd2 (34. Bd4 $15 Rf3 35. Bf6) 34... Rd3 35. Ba5 (35. Re2 $17 {keeps fighting.}) 35... Ke7 36. Rc1 Nxf4 (36... c5 $19 37. bxc6 Nxf4) 37. Rxc7+ $17 Kf6 38. Bc3+ (38. Rxh7 $15 Kg6 39. Rh4) 38... Kg6 $19 39. Rg7+ $2 (39. Ba5 {is a better chance.}) 39... Kh6 40. Bf6 Rxh3+ 41. Kg1 Nh5 42. Rf7 {[#]} Nxf6 $2 (42... Rg8+ $1 $19 43. Kf2 Nf4 44. Bg7+ Rxg7 45. Rxg7 Kxg7) 43. Rxf6+ {[%mdl 4096] Endgame KRR-KRB} Kg5 44. Rf7 Kf4 {( -> ...Rg8+)} 45. e7 $2 (45. Kg2 $17 {was called for.} Rg3+ 46. Kf1) 45... Re3 46. b6 $2 (46. Bc2) 46... R3xe7 {Black is clearly winning.} 47. Rxe7 Rxe7 48. Bd5 Ke5 49. b7 Re8 50. Bc6 Rb8 51. a4 d5 {Precision: White = 25%, Black = 62%.} 0-1

[Event "Baltic Zonal 2018"]
[Site "Tallinn"]
[Date "2018.05.19"]
[Round "8"]
[White "Kantans, Toms"]
[Black "Rozentalis, Eduardas"]
[Result "1/2-1/2"]
[WhiteElo "2510"]
[BlackElo "2523"]
[Annotator "TA"]
[PlyCount "78"]
[EventDate "2018.??.??"]
[EventType "swiss"]
[EventCountry "EST"]
[SourceTitle "playchess.com"]
[Source "ChessBase"]
[SourceQuality "1"]

{[%evp 18,78,88,72,75,82,75,83,85,79,79,83,87,54,49,45,45,40,39,29,32,32,26,31,48,39,34,24,16,22,29,39,32,0,0,0,0,0,0,-8,-8,-7,-8,-12,0,0,0,-17,113,0,0,-26,0,0,0,0,0,0,0,0,0,0,0]} 1. e4 e5 2. Nf3 Nf6 3. Nxe5 d6 4. Nf3 Nxe4 5. d4 Be7 6. Bd3 Nf6 7. O-O O-O {C42: Petroff Defence: 3 Nxe5 and unusual White 3rd moves} (7... Bg4 8. Nbd2 O-O 9. c3 Nbd7 10. Qc2 Bh5 11. Nh4 Re8 12. Nf5 Bf8 13. Nc4 Nd5 14. Qb3 N7b6 15. a4 {½-½ (42) Solak,D (2635)-Rozentalis,E (2565) Baku 2016}) 8. c4 Bg4 9. h3 Bh5 10. Nc3 {LiveBook: 5 Games} Nc6 {[#]} 11. g4 $1 {[%cal Rg4h5]} Bg6 12. Bxg6 hxg6 13. Re1 Re8 14. d5 Nb8 15. Qb3 $146 ({Predecessor:} 15. Ng5) 15... Nbd7 16. Be3 Qc8 17. Bd4 a6 18. Re3 c5 19. Bxf6 Nxf6 20. Rae1 {[%cal Ba1e1,Be1e3,Be3b3][%mdl 32]} Bf8 21. Rxe8 Nxe8 22. Na4 {[#] Nb6 is the strong threat.} Rb8 23. Nb6 Qd8 $1 24. g5 Nc7 $1 25. Re3 Nb5 26. cxb5 {Black must now prevent Nc4.} Qxb6 27. a4 Ra8 28. Qc4 axb5 29. axb5 Ra5 30. Rb3 Ra1+ 31. Kg2 Qa5 32. Qe2 Ra4 (32... Qd8 $11 {keeps the balance.}) 33. Re3 (33. Qe8 $16) 33... Qd8 $11 34. Re4 Rxe4 (34... Ra5 {seems wilder.} 35. b4 Ra8 36. Qc4 Qd7 37. bxc5 dxc5 38. h4 Rd8) 35. Qxe4 {The position is equal.} Qd7 36. Qd3 Be7 37. Kg3 Bd8 38. h4 Ba5 39. Nh2 Qe8 {Precision: White = 63%, Black = 71%.} 1/2-1/2